| 000 | 00711cam a22002413a 4500 | ||
|---|---|---|---|
| 001 | 497 | ||
| 003 | PGUSA | ||
| 005 | 20140828082949.0 | ||
| 008 | 960401s1996||||xxu|||||s|||||000 | eng d | ||
| 040 |
_aPGUSA _beng |
||
| 042 | _adc | ||
| 050 | 4 | _aPR | |
| 100 | 1 |
_aCoke, Henry J. _q(Henry John), _d1827-1916 |
|
| 245 | 1 | 0 |
_aTracks of a Rolling Stone _h[electronic resource] / _cHenry J. Coke |
| 260 |
_bProject Gutenberg, _c1996 |
||
| 506 | _aPublic domain in the USA. | ||
| 516 | _aElectronic text | ||
| 653 | _aWest (U.S.) -- Description and travel | ||
| 653 | _aCoke, Henry J. (Henry John), 1827-1916 | ||
| 830 | 0 |
_aProject Gutenberg _v497 |
|
| 856 | 4 | 0 | _uhttp://www.gutenberg.org/ebooks/497 |
| 942 | _cEB | ||
| 999 |
_c229848 _d229848 |
||